| 000 | 01101cam a2200289 a 4500 | ||
|---|---|---|---|
| 001 | 3351751 | ||
| 005 | 19861210000000.0 | ||
| 008 | 860807t19861985miua 001 0 eng | ||
| 010 | _a 86020056 | ||
| 020 |
_a0873710851 _c$27.95 |
||
| 040 |
_aDLC _cDLC _dDLC |
||
| 050 | 0 | 0 |
_aTD725 _b.S83 1986 |
| 082 | 0 | 0 |
_a628.29 _222 _bSUB |
| 245 | 0 | 0 | _aSubmersible sewage pumping systems handbook. |
| 250 | _a1st hardbound ed. | ||
| 260 |
_aChelsea, Mich., USA : _bLewis Publishers, _c1986 |
||
| 300 |
_avii, 120 p. : _bill. ; _c24 cm. |
||
| 500 | _aAt head of title: SWPA. | ||
| 500 | _aIncludes index. | ||
| 650 | 0 |
_aPumping stations _xHandbooks, manuals, etc. _96350 |
|
| 650 | 0 |
_aSubmersible pumps _xHandbooks, manuals, etc. _96351 |
|
| 650 | 0 |
_aSewage disposal _xEquipment and supplies _xHandbooks, manuals, etc. _96352 |
|
| 700 | 1 |
_aAndersson, A. Bo, _d1948- _96353 |
|
| 710 | 2 |
_aSubmersible Wastewater Pump Association (U.S.) _96354 |
|
| 942 |
_2ddc _cBB |
||
| 999 |
_c11879 _d11879 |
||